| 000 -LEADER |
| fixed length control field |
00640nam a2200193 4500 |
| 008 - FIXED-LENGTH DATA ELEMENTS--GENERAL INFORMATION |
| fixed length control field |
190228b ||||| |||| 00| 0 eng d |
| 100 ## - MAIN ENTRY--PERSONAL NAME |
| Personal name |
Thompson, Frank J. |
| 245 ## - TITLE STATEMENT |
| Title |
Trump and the Affordable Care Act: |
| Remainder of title |
congressional repeal efforts, executive federalism, and program durability |
| 260 ## - PUBLICATION, DISTRIBUTION, ETC. (IMPRINT) |
| Date of publication, distribution, etc |
2018 |
| 300 ## - PHYSICAL DESCRIPTION |
| Extent |
p.396-424. |
| 650 ## - SUBJECT ADDED ENTRY--TOPICAL TERM |
| Topical term or geographic name as entry element |
Affordable Care Act |
| 9 (RLIN) |
2729 |
| 700 ## - ADDED ENTRY--PERSONAL NAME |
| Personal name |
Gusmano, Michael K. |
| 9 (RLIN) |
2730 |
| 700 ## - ADDED ENTRY--PERSONAL NAME |
| Personal name |
Gusmano, Michael K. |
| 9 (RLIN) |
2730 |
| 700 ## - ADDED ENTRY--PERSONAL NAME |
| Personal name |
Shinohara, Shugo |
| 9 (RLIN) |
2731 |
| 773 ## - HOST ITEM ENTRY |
| Main entry heading |
Publius: The Journal of Federalism |
| 906 ## - LOCAL DATA ELEMENT F, LDF (RLIN) |
| Subject DIP |
Health care - U.S.A. |
| 906 ## - LOCAL DATA ELEMENT F, LDF (RLIN) |
| Subject DIP |
Affordable Care Act |
| 942 ## - ADDED ENTRY ELEMENTS (KOHA) |
| Source of classification or shelving scheme |
|
| Item type |
Articles |